000 00696nam a2200217 a 4500
999 _c9204
_d9204
001 9204
003 BD-JhCC
005 20180314182406.0
008 171118s1970 bg |||| ||a| 000 0 ben d
035 _a(BD-JhCC) 9204
040 _aBD-JhCC
_dBD-JhCC
041 _aben
082 _a928
_bSAK 1970
100 _aসাকলায়েন, গোলাম
245 _aঅন্তরঙ্গ আলোকে ডক্টর শহীদুল্লাহ /
_cগোলাম সাকলায়েন
260 _aঢাকা :
_bআহমদ পাবলিশিং হাউজ,
_c1970.
300 _a210 p. :
_c22 cm.
650 _aBiography
942 _2ddc
_cBK